000 002360000a22001090004500
020 _a84-494-2435-6
082 0 4 _aCD 082
245 1 0 _aEnciclopedia interactiva de literatura
260 _aBarcelona : Océano
001 1706
942 _cLGB
999 _c48864
_d48864